Local e government in the United States: Transformation or incremental change? (Record no. 98865)

000 -LEADER
fixed length control field 01527pab a2200181 454500
008 - FIXED-LENGTH DATA ELEMENTS--GENERAL INFORMATION
fixed length control field 180718b2013 xxu||||| |||| 00| 0 eng d
100 ## - MAIN ENTRY--PERSONAL NAME
Personal name Norris, Donald F.
245 ## - TITLE STATEMENT
Title Local e government in the United States: Transformation or incremental change?
260 ## - PUBLICATION, DISTRIBUTION, ETC.
Date of publication, distribution, etc. 2013
300 ## - PHYSICAL DESCRIPTION
Extent p.165-175.
362 ## - DATES OF PUBLICATION AND/OR SEQUENTIAL DESIGNATION
Dates of publication and/or sequential designation Jan-Feb
520 ## - SUMMARY, ETC.
Summary, etc. In this article, the authors address the recent trajectory of local e-government in the United States and compare it with the predictions of early e-government writings, using empirical data from two nationwide surveys of e-government among American local governments. The authors find that local e-government has not produced the results that those writings predicted. Instead, its development has largely been incremental, and local e-government is mainly about delivering information and services online, followed by a few transactions and limited interactivity. Local e-government is also mainly one way, from government to citizens, and there is little or no evidence that it is transformative in any way. This disparity between early predictions and actual results is partly attributable to the incremental nature of American public administration. Other reasons include a lack of attention by early writers to the history of information technology in government and the influence of technological determinism on those writings. - Reproduced.
650 ## - SUBJECT ADDED ENTRY--TOPICAL TERM
Topical term or geographic name entry element E governance
700 ## - ADDED ENTRY--PERSONAL NAME
Personal name Reddick, Christopher G.
773 ## - HOST ITEM ENTRY
Main entry heading Public Administration Review
908 ## - PUT COMMAND PARAMETER (RLIN)
Put command parameter N
909 ## -
-- 98866
Holdings
Withdrawn status Lost status Damaged status Not for loan Permanent Location Current Location Date acquired Serial Enumeration / chronology Barcode Date last seen Price effective from Koha item type
        Indian Institute of Public Administration Indian Institute of Public Administration 2018-07-19 Volume no: 73, Issue no: 1 AR99326 2018-07-19 2018-07-19 Articles

Powered by Koha